000 00348nam a22001457a 4500
008 230123b ||||| |||| 00| 0 eng d
020 _a9781285749693
041 _aeng
080 _2TENTH EDITION
_a159.9
082 _a159.9MAR
100 _a25
101 _aPSI
245 _aRECONSIDERING THE DEMOCRATIC PUBLIC
_cMARCUS E G
942 _2udc
_cBK
999 _c59246
_d59246